Voces híbridas (Registro nro. 298865)

Detalles MARC
000 -ENCABEZADO
Número de control [NR] 01130cam a2200289Ia 4500
005 - FECHA Y HORA DE LA ÚLTIMA TRANSACCIÓN
control field 20150317082332.0
008 - DE LONGITUD FIJA DE DATOS DE ELEMENTOS - INFORMACIÓN GENERAL
Elementos de longitud fija [NR] 150317s2012 mx fr 000 0 spa d
020 ## - NUMERO INTERNACIONAL NORMALIZADO PARA LIBROS [R]
Número Internacional Normalizado del libro [NR] 9786074778427
020 ## - NUMERO INTERNACIONAL NORMALIZADO PARA LIBROS [R]
Número Internacional Normalizado del libro [NR] 9786070304453
035 ## - NUMERO DE CONTROL DEL SISTEMA [R]
Número de control del sistema [NR] (OCoLC)852935188
040 ## - FUENTE DE CATALOGACION [NR]
Agencia de catalogación original [NR] CO-BoUCM
Quien Cataloga Jose A. Gerena
Quien Clasifica Jose A. Gerena
Idioma de catalogación [NR] spa
041 0# - CODIGO DE IDIOMA [R]
Código de idioma para texto/pista de sonido o título separado [R] Español
245 00 - MENCION DE TITULO [NR]
Título [NR] Voces híbridas
Parte restante del título [NR] reflexiones en torno a la obra de García Canclini
Mención de responsabilidad, etc. [NR] coordinado por Eduardo Nivón Bolán
260 ## - PUBLICACION, DISTRIBUCION, ETC. (PIE DE IMPRENTA) [R]
Lugar de publicación, distribución, etc. [R] México D.F. (México)
Nombre del editor, distribuidor, etc. [R] Siglo XXI
-- Universidad Autónoma Metropolitana, Unidad Iztapalapa
Fecha de publicación, distribución, etc. [R] 2012
300 ## - DESCRIPCION FISICA [R]
Extensión [R] 254 páginas
490 1# - MENCION DE SERIE [R]
Mención de serie [R] Sociología y política
600 14 - ASIENTO SECUNDARIO DE MATERIA - NOMBRE PERSONAL [R]
Nombre personal [NR] García Canclini, Néstor
Subdivisión general [R] Crítica e interpretación
9 (RLIN) 67975
650 #7 - ASIENTO SECUNDARIO DE MATERIA - TERMINO TEMATICO [R]
Término temático o nombre geográfico como elemento de entrada [NR] Filosofía
9 (RLIN) 15725
650 #7 - ASIENTO SECUNDARIO DE MATERIA - TERMINO TEMATICO [R]
Término temático o nombre geográfico como elemento de entrada [NR] Filosofía
9 (RLIN) 75
Subdivisión geográfica [R] Argentina
650 #7 - ASIENTO SECUNDARIO DE MATERIA - TERMINO TEMATICO [R]
Término temático o nombre geográfico como elemento de entrada [NR] Políticas culturales
9 (RLIN) 22052
Subdivisión geográfica [R] Argentina
650 #7 - ASIENTO SECUNDARIO DE MATERIA - TERMINO TEMATICO [R]
Término temático o nombre geográfico como elemento de entrada [NR] Identidad cultural
9 (RLIN) 17117
Subdivisión geográfica [R] Argentina
651 #4 - ASIENTO SECUNDARIO DE MATERIA - NOMBRE GEOGRAFICO [R]
Nombre geográfico [NR] Argentina
Subdivisión general [R] Aspectos filosóficos
9 (RLIN) 67976
690 ## - ASUNTO AGREGADO LOCAL DE ENTRADA - TÉRMINO TEMÁTICO (OCLC, RLIN)
9 (RLIN) 42814
Acceso temático local Filosofía
700 1# - ASIENTO SECUNDARIO - NOMBRE PERSONAL [R]
Nombre personal [NR] Nivón Bolán, Eduardo
Término de relación [R] coordinador
9 (RLIN) 67977
942 ## - ELEMENTOS DE ENTRADA AGREGADOS (KOHA)
Sistema de clasificación DEWEY
Tema principal Filosofía
Tipo de ítem principal el descrito en 300a Libro
Edición 1
Clasificación 199.82
Parte restante de la signatura top. V872
Existencias
Total préstamos Signatura topográfica Código de barras Última vez visto Ejemplar Costo de reposición Price effective from Tipo de ítem Perdido Sistema de clasificación Dañado No prestable Tipo de ítem específico Suprimido Ubicación habitual Ubicación actual Localización Fecha de creación Proveedor Forma de adquisición Costo
  199.82 V872 100145138 05/12/2025 Ej.1 45500.00 16/03/2015 Libro   DEWEY     Libro   Claustro Claustro 2do piso 16/03/2015 37 Compra 45500.00